Giải đáp pháp luật nội dung cơ bản của bộ luật lao động và các văn bản hướng dẫn thi hành (văn bản mới đến tháng 4/1996)
Сохранить в:
| Главный автор: | |
|---|---|
| Формат: | |
| Язык: | Undetermined |
| Опубликовано: |
Tp. HCM
Nxb. Tp. HCM
1996
|
| Предметы: | |
| Метки: |
Добавить метку
Нет меток, Требуется 1-ая метка записи!
|
| Thư viện lưu trữ: | Trung tâm Học liệu Trường Đại học Cần Thơ |
|---|
| LEADER | 00703nam a2200181Ia 4500 | ||
|---|---|---|---|
| 001 | CTU_19 | ||
| 008 | 210402s9999 xx 000 0 und d | ||
| 082 | |a 344.59701 | ||
| 082 | |b L305 | ||
| 100 | |a Hoàng, Thế Liên | ||
| 245 | 0 | |a Giải đáp pháp luật nội dung cơ bản của bộ luật lao động và các văn bản hướng dẫn thi hành (văn bản mới đến tháng 4/1996) | |
| 245 | 0 | |c Hoàng Thế Liên, Nguyễn Văn Phàn, Đặng Đức San | |
| 260 | |a Tp. HCM | ||
| 260 | |b Nxb. Tp. HCM | ||
| 260 | |c 1996 | ||
| 650 | |a labor laws and legislation | ||
| 650 | |z vietnam | ||
| 980 | |a Trung tâm Học liệu Trường Đại học Cần Thơ | ||